| 000 -LEADER |
| fixed length control field |
01521pab a2200169 454500 |
| 008 - FIXED-LENGTH DATA ELEMENTS--GENERAL INFORMATION |
| fixed length control field |
180718b2012 xxu||||| |||| 00| 0 eng d |
| 100 ## - MAIN ENTRY--PERSONAL NAME |
| Personal name |
Christensen, Tom et al |
| 245 ## - TITLE STATEMENT |
| Title |
Imitating the west? Evidence on administrative reform from the upper echelons of Chinese provincial government |
| 260 ## - PUBLICATION, DISTRIBUTION, ETC. |
| Date of publication, distribution, etc. |
2012 |
| 300 ## - PHYSICAL DESCRIPTION |
| Extent |
p.798-806. |
| 362 ## - DATES OF PUBLICATION AND/OR SEQUENTIAL DESIGNATION |
| Dates of publication and/or sequential designation |
Nov-Dec |
| 520 ## - SUMMARY, ETC. |
| Summary, etc. |
This article explores the attitudes of officials in the upper echelons in Chinese provincial and local government toward the origins of administrative reform. The authors examine the somewhat dichotomous argument that reform imitates the West or is indigenous and contend that both influences are present. Data drawn from a survey of party cadres and government officials show that cultural factors (time in government, overall knowledge of administrative reforms, together with familiarity with the move from a planned system of government to a market economy) and structural variables (upper echelon and familiarity with business management techniques) are correlated with learning from the West. Cadres and officials who spend more time managing outward and those who are familiar with performance assessment do not learn from the West. The theoretical and research implications of these findingsラthat learning from the West is an important influence on the adoption of administrative reforms in Chinaラare discussed. - Reprodu |
| 650 ## - SUBJECT ADDED ENTRY--TOPICAL TERM |
| Topical term or geographic name entry element |
Administrative reform |
| 773 ## - HOST ITEM ENTRY |
| Main entry heading |
Public Administration Review |
| 908 ## - PUT COMMAND PARAMETER (RLIN) |
| Put command parameter |
N |
| 909 ## - |
| -- |
102304 |